000 00521nam a2200181Ia 4500
001 472
005 20260306140520.0
008 260306t2011||||xx |||||||||||||| ||spa||
041 _aESP
082 _a121
_bL55
100 _aLeyva Rodríguez, Jorge Karel
_eAUT
245 0 _aFilosofía de la ciencia, epistemología compleja y religión :
_bla cuestión religiosa en la epistemología contemporanea
260 _c2011
300 _a106 páginas :
_c22 cm.
650 _aGEN
654 _aCHU
942 _cLIB
_dJUS
_fJUS
_2ddc
_n
999 _c472
_d472